| 000 | 00664cam a22002055a 4500 | ||
|---|---|---|---|
| 008 | 040420s1980 enka frb 001 0 eng d | ||
| 020 | _a041673720X | ||
| 020 | _a9780416737202 | ||
| 040 |
_aUk _cUk _dUk _dEG-ScBUE |
||
| 082 | 0 | 4 |
_a363.50941 _222 _bBUR |
| 100 | 1 |
_aBurnett, John, _d1925-2006 |
|
| 245 | 1 | 2 |
_aA social history of housing, 1815-1970 / _cJohn Burnett. |
| 260 |
_aLondon : _bEyre Methuen, _c1980. |
||
| 300 |
_aviii, 344 p. : _bill. ; _c24 cm. |
||
| 490 | 0 |
_aUniversity paperbacks ; _v707 |
|
| 504 | _aincludes bibliographical references and index. | ||
| 650 | 7 |
_aHousing _zEngland _xHistory. _2BUEsh |
|
| 653 |
_bGGEN _cApril2018 _cMay2018 |
||
| 942 | _2ddc | ||
| 999 |
_c26559 _d26531 |
||